000 01818cad a22002415a 4500
001 E148023
008 090714e20090608xxkb f s000 0 eng d
035 _a(Sirsi) u148023
041 0 _aeng
050 0 4 _a333.9164 $2 18
100 1 _aKenyon, Wendy
245 0 0 _aEuropean dimensions of the marine environment
_h[electronic resource]
260 _aEdinburgh
_bScottish Parliament
_c2009
490 0 _aSPICe Briefing
_v(09/40) 8 June 2009
505 2 _aKey points -- Background -- Integrated maritime policy for the European Union: Scotland and the European Integrated Maritime Policy -- The EU Marine Strategy Framework Directive: good environmental status; stakeholders' views of the EU Marine Strategy Framework; The Marine Strategy Framework Directive and the Water Framework Directive; transposing the EU Marine Strategy Framework Directive in Scotland; an ecosystem-based approach; challenges to the ecosystem-based approach -- Other relevant European legislation and policy -- Sources
520 _aOutlines European policy in relation to the marine and maritime environment in order to provide a background to the Scottish Marine Bill. Examines two key areas of policy: The Integrated Maritime Policy for the European Union and The EU Marine Strategy Framework Directive. Also discusses the ecosystem-based approach and looks at the implications of these policies for Scotland. Finishes by highlighting other EU policies which relate to the marine environment in Scotland.
521 _aAdvanced
590 _aKA
651 4 _aScotland
_y1999-
690 _aPROPERTY-RURAL AND NATURAL ASSETS-MARINE RESOURCES-MARINE RESOURCE MANAGEMENT
856 4 0 _uhttps://www.scottish.parliament.uk/business/research/date/index.htm
_zView the briefing free of charge at www.scottish.parliament.uk...
942 _n0
999 _c109846
_d109846